Loading...
| Fine Arts - Classical Music | 2 | 5.00 | 0% | 50% | 0% |
| Fine Arts - Other | 3 | 13.33 | 100% | 33% | 0% |
| Fine Arts - Painting and Sculpture | 2 | 5.00 | 50% | 0% | 0% |
| Geography | 1 | 10.00 | 100% | 0% | 0% |
| History - American | 3 | 13.33 | 100% | 33% | 0% |
| History - European | 6 | 10.00 | 100% | 0% | 0% |
| History - Other | 1 | 0.00 | 0% | 0% | 0% |
| History - World | 3 | 3.33 | 33% | 0% | 0% |
| Literature - American | 1 | 20.00 | 100% | 0% | 100% |
| Literature - British | 2 | 10.00 | 100% | 0% | 0% |
| Literature - European | 3 | 10.00 | 100% | 0% | 0% |
| Literature - World | 3 | 3.33 | 33% | 0% | 0% |
| Mythology | 1 | 0.00 | 0% | 0% | 0% |
| Other Academic | 1 | 10.00 | 0% | 0% | 100% |
| Philosophy | 4 | 7.50 | 75% | 0% | 0% |
| Pop Culture | 1 | 10.00 | 100% | 0% | 0% |
| Religion | 4 | 12.50 | 75% | 50% | 0% |
| Science - Biology | 3 | 10.00 | 67% | 33% | 0% |
| Science - Chemistry | 3 | 10.00 | 100% | 0% | 0% |
| Science - Other | 3 | 10.00 | 100% | 0% | 0% |
| Science - Physics | 1 | 10.00 | 100% | 0% | 0% |
| Social Science | 3 | 20.00 | 100% | 67% | 33% |